000 02533nam a2200361 a 4500
001 000010680
003 DO-SdBNP
005 20240307073945.0
007 ta
008 091009s1986 dr abd 000 0 spa d
040 _aDO-SdBNP
_bspa
_cBNPHU
082 _a616.9652
_bE56f
111 2 _aEncuentro sobre Filariasis en la República Dominicana
_d(1980 :
_cSanto Domingo, República Dominicana)
_925857
245 1 0 _aFilariasis en la República Dominicana /
_cedición Josefina, Pérez Marrero ; prólogo Fernando Sánchez Martínez ; presentación Héctor Read.
260 _aSanto Domingo :
_bUniversitaria,
_c1986.
300 _a187 p. :
_bil., map. gráf. ;
_c21 cm.
490 1 _aPublicaciones de la Universidad Autónoma de Santo Domingo
_v457
490 1 _aCiencia y tecnología
_v21
500 _aIncluye bibliografía al final de los capitulos
500 _aIncluye referencias bibliográficas y notas al pie de las páginas.
505 0 _aDedicatoria -- Liminar -- Filariasis en la República Dominicana / Héctor Read B. -- Acerca de la filariasis en Santo Domingo / Héctor Rad B. -- Filariasis y elefantiasis / Sixto S. Incháustegui C. -- Contribucción al estudio de la Wuchereria Bancrofti como productora de eosinofilia en Santo Domingo / Mercedes Vargas de Gómez, Nidia Vargas de Matos, María Castillo y Bélgica L. Santos -- Observaciones preliminares sobre filaria en Santo Domingo, con una población provinientes de diversas areas del pais / Ivelisse Acosta Reyes, Digna Rivera Roldán, Regina Vega -- Filariasis en Santo Domingo / Elsa Vallejo -- Incidencia y periodicidad de Bancrofti en sangre tomada de dia Batey Ocho del Central Romana / Mercedes Vargas de Gómez, Evangelina Abréu y Nidia Vargas Matos -- Filariasis en una población rural de República Dominicana -- Tratamiento de las Quilarias Filaricas / Clarence Eduardo Charles Dunlop.
590 _aInventariado,2018/DG
650 4 _aFilariasis
_zRepública Dominicana
_vCONGRESOS, CONFERENCIAS, ETC.
_925858
650 4 _aEnfermedades parasitarias
_vCONGRESOS, CONFERENCIAS, ETC.
_925859
650 4 _aElefantiasis
_vCONGRESOS, CONFERENCIAS, ETC.
_925860
700 1 2 _aPérez Marrero, Josefina,
_eed.
_925861
700 1 2 _aSánchez, Fernando,
_epról.
_925862
700 1 2 _aRead, Héctor
_925863
710 1 2 _aUniversidad Autónoma de Santo Domingo
_972951
830 0 _aPublicaciones de la Universidad Autónoma de Santo Domingo
_v457
_pCiencia y tecnología
_n21
_925864
910 _aValidado. Control de calidad MFF
942 _2ddc
_cLBS1
999 _c10435
_d10435